01331nam a2200229 u 450000100100000000500170001000800410002704000250006824501650009326000380025830000290029650000210032550000570034671001030040304900090050695201040051595201100061995201190072995201190084895201190096799900150108600000262920230308115614.0090703s2003 dr a r 000 0 spa d aDO-SdBNPbspacBNPHU14aLas necesidades judiciales desde la perspectiva de las organizaciones comunitarias :bdiagnóstico y consulta /cFundación Institucional y Justicia (FINJUS). aSanto Domingo :b(CARMJ) ,c2003. a87 p. :bil. . ;c23 cm. aIncluye índice adiagnóstico y consulta noviembre 2002 - enero 20031 aRepública Dominicana.bComisionado de Apoyo a la Reforma y Modernización de la Justicia917179 aBNPD 0010718PDaPDbPDcCTd2009-07-03iLF1l0o p2629-10r2020-06-25w2020-06-25yLFPDZNo se presta 0010718PDaPDbPDcCTd2009-07-07iLF1l0o p2629-20r2020-06-25te. 2w2020-06-25yLFPDZNo se presta 001054708DSaPDbPDcCTd2009-07-07iLF1l0o p2629-30r2020-06-25te. 3w2020-06-25yLFDSZPréstamo en sala 001054708DSaPDbPDcCTd2009-07-07iLF1l0o p2629-40r2020-06-25te. 4w2020-06-25yLFDSZPréstamo en sala 001054708DSaPDbPDcCTd2013-06-24iLF1l0o p2629-50r2020-06-25te. 5w2020-06-25yLFDSZPréstamo en sala c2465d2465